000 00639nam a2200217Ii 4500
003 JO-AjNU
008 230606s9999||||xx |||||||||||||| ||und||
020 _a0-201-18075-8
040 _aJO-AjNU
_beng
_erda
_cJO-AjNU
041 _aeng
050 1 4 _aTA1632.G66.2001
100 3 _aGonzales, Rafael/Woods,Richard,
_eauthor
_93564
245 0 0 _aDigital image processing
250 _a2 ed
264 3 1 _aprentical hall,2009
300 _a792p
_bصور توضيحية
336 _atext
_btxt
_2rdacontent
337 _aunmediated
_bn
_2rdamedia
338 _avolume
_bnc
_2rdacarrier
650 4 _aDigital imaging-Digital Techniqes
_93565
999 _aE1860
_c1860
_d1860